Panduan dasar perniagaan / (Record no. 3558)

000 -LEADER
fixed length control field nam a22 a 4500
003 - CONTROL NUMBER IDENTIFIER
control field AKMAL
005 - DATE AND TIME OF LATEST TRANSACTION
control field 20170523111246.0
008 - FIXED-LENGTH DATA ELEMENTS--GENERAL INFORMATION
fixed length control field 170523s1992 my 00 may d
020 ## - INTERNATIONAL STANDARD BOOK NUMBER
International Standard Book Number 9836225544 (kkt.):
Terms of availability RM 12.00
040 ## - CATALOGING SOURCE
Original cataloging agency AKMAL
Transcribing agency AKMAL
082 04 - DEWEY DECIMAL CLASSIFICATION NUMBER
Classification number 658.4612 MEI
090 ## - LOCALLY ASSIGNED LC-TYPE CALL NUMBER (OCLC); LOCAL CALL NUMBER (RLIN)
Classification number (OCLC) (R) ; Classification number, CALL (RLIN) (NR) 658.4612
Local cutter number (OCLC) ; Book number/undivided call number, CALL (RLIN) MEI
090 20 - LOCALLY ASSIGNED LC-TYPE CALL NUMBER (OCLC); LOCAL CALL NUMBER (RLIN)
Classification number (OCLC) (R) ; Classification number, CALL (RLIN) (NR) 658.4012
Local cutter number (OCLC) ; Book number/undivided call number, CALL (RLIN) MEI
100 1# - MAIN ENTRY--PERSONAL NAME
Personal name Meidan, Arthur
9 (RLIN) 7084
245 10 - TITLE STATEMENT
Title Panduan dasar perniagaan /
Statement of responsibility, etc. Arthur Meidan ; penterjemah Ramli Haji Khamis
260 ## - PUBLICATION, DISTRIBUTION, ETC.
Place of publication, distribution, etc. Kuala Lumpur :
Name of publisher, distributor, etc. Dewan Bahasa dan Pustaka,
Date of publication, distribution, etc. 1992
300 ## - PHYSICAL DESCRIPTION
Extent xi, 220ms. ;
Dimensions 24cm
500 ## - GENERAL NOTE
General note Mengandungi indeks
500 ## - GENERAL NOTE
General note Terjemahan dari: Handbook of business policy.-1st. ed.-[Sheffield] : MCB University Press, 1986
504 ## - BIBLIOGRAPHY, ETC. NOTE
Bibliography, etc. note Mengandungi rujukan bibliografi
650 ## - SUBJECT ADDED ENTRY--TOPICAL TERM
Topical term or geographic name entry element Corporate planning
9 (RLIN) 6529
650 ## - SUBJECT ADDED ENTRY--TOPICAL TERM
Topical term or geographic name entry element Strategic planning
9 (RLIN) 6200
700 0# - ADDED ENTRY--PERSONAL NAME
Personal name Ramli Haji Khamis
9 (RLIN) 7085
942 ## - ADDED ENTRY ELEMENTS (KOHA)
Source of classification or shelving scheme
Koha item type Book
Holdings
Withdrawn status Lost status Source of classification or shelving scheme Damaged status Not for loan Collection code Home library Current library Shelving location Date acquired Inventory number Total Checkouts Full call number Barcode Date last seen Price effective from Koha item type
          NON-FICTION AKMAL Melaka AKMAL Melaka PINJAMAN 23.05.2017 601349   658.4612 MEI 201704585 23.05.2017 23.05.2017 Book
Pusat Sumber Maklumat Dato' Haji Sarmin Md Hussin, Akademi Kastam Diraja Malaysia, Melaka
Tel: 06-2331106 | Faks: 06-2313787